Asamiya kavitar aitihasik (Record no. 3836)

MARC details
000 -LEADER
fixed length control field 00482cam a2200193ua 4500
008 - FIXED-LENGTH DATA ELEMENTS--GENERAL INFORMATION
fixed length control field 111213n ii |||gr||||Z||||||asm
020 ## - INTERNATIONAL STANDARD BOOK NUMBER
International Standard Book Number 81-7519-056-6
040 ## - CATALOGING SOURCE
Transcribing agency MAIN
082 ## - DEWEY DECIMAL CLASSIFICATION NUMBER
Classification number 891.4511
100 ## - MAIN ENTRY--PERSONAL NAME
Personal name Borgohain, Monorama,
245 11 - TITLE STATEMENT
Title Asamiya kavitar aitihasik
Statement of responsibility, etc. by Monorama Borgohain
250 ## - EDITION STATEMENT
Edition statement 1st.
260 ## - PUBLICATION, DISTRIBUTION, ETC.
Place of publication, distribution, etc. Guwahati:
Name of publisher, distributor, etc. Imprint,996.
300 ## - PHYSICAL DESCRIPTION
Extent 164p:
Dimensions 23cm.
942 ## - ADDED ENTRY ELEMENTS (KOHA)
Koha item type Books
653 ## - INDEX TERM--UNCONTROLLED
Uncontrolled term Assamese poetry
653 ## - INDEX TERM--UNCONTROLLED
Uncontrolled term Asamiya kavitar aitihasik
Holdings
Withdrawn status Lost status Damaged status Not for loan Home library Current library Shelving location Date acquired Total Checkouts Full call number Barcode Date last seen Date last checked out Copy number Price effective from Koha item type
        Naharkatiya College Library Naharkatiya College Library General Stacks 19/09/2020 1 891.4511 | BOR 10804 10/02/2026 04/02/2026 1 19/09/2020 Books

Naharkatiya College © 2020. All rights reserved.

Powered By